| 000 | 00504nam a2200169Ia 4500 | ||
|---|---|---|---|
| 003 | IN-BaIIA | ||
| 008 | 211028s9999 xx 000 0 eng d | ||
| 040 | _cIIA Library | ||
| 080 |
_a519:301.151 _bSIE |
||
| 100 |
_aSiegel, Sidney _913790 |
||
| 245 | 0 |
_aNonparametric statistics for the behavioral sciences _cSidney Siegel |
|
| 260 |
_aNew York _bMcGraw-Hill _c1956 |
||
| 300 | _axiii, 312p. | ||
| 650 | _aNASA Thesaurus | ||
| 650 | _aStatistics | ||
| 942 | _cBK | ||
| 999 |
_c8208 _d8208 |
||